Bibliobús Guilleries : 2015 2015
Descripción Física:
1 punt de llibre : il·lustracions ; 21 x 7 cm
Idioma:
Catalán
MARC
| LEADER | 00000nrm a22000007a 4500 | ||
|---|---|---|---|
| 001 | 25426 | ||
| 008 | 220510b spa||||| |||| 00| 0 cat d | ||
| 017 | |a DL B 24631-2014 | ||
| 080 | |a NBM-13-79 | ||
| 245 | |a Bibliobús Guilleries : |b 2015 | ||
| 260 | |a Barcelona : |b Diputació de Barcelona. |b Xarxa de Biblioteques Municipals, |c 2014 | ||
| 300 | |a 1 punt de llibre : |b il·lustracions ; |c 21 x 7 cm | ||
| 500 | |a Calendari de l'horari del Bibliobús Guilleries l'any 2015 | ||
| 610 | 0 | |a Bibliobús Guilleries |9 52665 | |
| 650 | 0 | |a Bibliobusos |z Barcelona (Catalunya : Província) |9 30563 | |
| 655 | 0 | |a Punts de llibre |9 52700 | |
| 710 | 1 | |a Barcelona (Catalunya : Província). |b Xarxa de Biblioteques Municipals |9 52650 | |
| 942 | |2 udc |c ARXIU |n 1 | ||
| 952 | |0 0 |1 0 |4 0 |6 NBM1379 |7 1 |9 61575 |a Arxiu |b Arxiu |d 2022-05-10 |l 0 |o NBM-13-79 |p 25426 |r 2022-05-10 00:00:00 |w 2022-05-10 |y ARXIU | ||
| 999 | |c 81514 |d 81514 | ||